000 00584nam a22002057a 4500
005 20160729152102.0
010 _aENG-115583
020 _a9788173818677
_c150.00
035 _aEN-99115
037 _bDBAD/PUB
082 _a612.22
100 _aChaudhuri,Sujit k.
245 _aConcise medical physilogy /
_cby Das,P.C.
250 _a7th ed.
260 _aNew Delhi
_bNew Central Book Agency
_c2016
270 _a8/1,Chintamoni Das Lane
_bKolkata
_e700009
300 _a661p.:
_c26cm(pbk)
_bill
500 _aIncludes index
942 _2ddc
_cEN
_mCHA
_h612.22
999 _c101623
_d101623